Statistics for Countries of NATO

Click here to take the quiz!

General Stats

  • This quiz has been taken 135 times
  • The average score is 25 of 30

Answer Stats

ContinentAnswer% Correct
North AmericaCanada
99%
North AmericaUnited States
98%
EuropeFrance
96%
EuropeSpain
94%
EuropeGermany
91%
EuropeUnited Kingdom
91%
EuropePortugal
90%
EuropeBelgium
89%
EuropeNorway
89%
EuropeDenmark
88%
Europe/AsiaTurkey
87%
EuropeItaly
86%
EuropePoland
86%
EuropeEstonia
85%
North America/EuropeIceland
85%
EuropeNetherlands
85%
EuropeLatvia
83%
EuropeLuxembourg
83%
EuropeLithuania
82%
EuropeSlovakia
82%
EuropeSlovenia
82%
EuropeGreece
81%
EuropeCroatia
80%
EuropeHungary
80%
EuropeBulgaria
79%
EuropeRomania
79%
EuropeCzech Republic
78%
EuropeAlbania
75%
EuropeMontenegro
73%
EuropeNorth Macedonia
66%

Score Distribution

Percentile by Number Answered

Percent of People with Each Score

Your Score History

You have not taken this quiz